00476nam a2200133Ia 4500008004100000041000800041082001600049100001400065245004200079250001100121260006900132999001900201952012200220231129s2011 xx 000 0 und d aeng a650.072/VOH aN.D.Vohra aQuantitative Techniques in Management a4th ed aTata Mc Graw- Hill New DelhibTata Mc Graw- Hill New Delhic2011 c936639d936639 00104070aDMMbDMMd2023-11-30g525.00l1o650.072/VOHpDMM-PG1694r2026-02-09 00:00:00s2025-08-12w2023-11-30yBK